LIBRARY ONLINE CATALOGUE

Kenya national guidelines on nutrition and HIV/AIDS / (Record no. 13162)

MARC details
000 -LEADER
fixed length control field 00692nam a22002172 4500
001 - CONTROL NUMBER
control field 0000009417
005 - DATE AND TIME OF LATEST TRANSACTION
control field 20151217155839.0
008 - FIXED-LENGTH DATA ELEMENTS--GENERAL INFORMATION
fixed length control field 081021s xx 000 0 eng d
020 ## - INTERNATIONAL STANDARD BOOK NUMBER
Terms of availability Donation
040 ## - CATALOGING SOURCE
Original cataloging agency KABU
Transcribing agency KABU
110 2# - MAIN ENTRY--CORPORATE NAME
Corporate name or jurisdiction name as entry element Kenya.
Subordinate unit Ministry of Health.
-- 0000156093
245 10 - TITLE STATEMENT
Title Kenya national guidelines on nutrition and HIV/AIDS /
Statement of responsibility, etc. Kenya. Ministry of Health.
250 ## - EDITION STATEMENT
Edition statement Rev. ed.
260 ## - PUBLICATION, DISTRIBUTION, ETC. (IMPRINT)
Place of publication, distribution, etc. Nairobi :
Name of publisher, distributor, etc. Unicef,
Date of publication, distribution, etc. 2007.
300 ## - PHYSICAL DESCRIPTION
Extent xiv, 108 p.
650 #0 - SUBJECT ADDED ENTRY--TOPICAL TERM
Topical term or geographic name as entry element AIDS (Disease)
General subdivision Nutritional aspects.
-- 0000160848
650 #0 - SUBJECT ADDED ENTRY--TOPICAL TERM
Topical term or geographic name as entry element HIV-positive persons
General subdivision Nutrition.
-- 0000160849
908 ## - PUT COMMAND PARAMETER (RLIN)
Put command parameter 081021
950 ## - LOCAL HOLDINGS (RLIN)
-- 1
Holdings
Withdrawn status Lost status Source of classification or shelving scheme Not for loan Home library Current library Date acquired Total Checkouts Full call number Barcode Date last seen Price effective from Koha item type
    Library of Congress Classification   Kabarak, Main Campus Kabarak, Main Campus 17/12/2015   RA644 .A25K46 c. 1 15040 17/12/2015 17/12/2015 Africana Collection